|
|
|
|
| LEADER |
00969nam a2200253 a 4500 |
| 001 |
3999874 |
| 008 |
960813s1997 nyu b 001 0 eng d |
| 010 |
|
|
|a 96041310
|
| 020 |
|
|
|a 0134919521
|
| 040 |
|
|
|a DLC
|c DLC
|d DLC
|
| 082 |
0 |
0 |
|a 801/.95/0904
|2 21
|
| 100 |
1 |
|
|a Selden, Raman.
|
| 245 |
1 |
2 |
|a A reader's guide to contemporary literary theory /
|c Raman Selden, Peter Widdowson, Peter Brooker.
|
| 250 |
|
|
|a 4th ed.
|
| 260 |
|
|
|a London ;
|a New York :
|b Prentice Hall/Harvester Wheatsheaf,
|c 1997.
|
| 300 |
|
|
|a xii, 272 p. ;
|c 22 cm.
|
| 504 |
|
|
|a Includes bibliographical references and index.
|
| 541 |
1 |
|
|e 00014229
|
| 650 |
|
0 |
|a Criticism
|x History
|y 20th century.
|
| 700 |
1 |
|
|a Widdowson, Peter.
|
| 700 |
1 |
|
|a Brooker, Peter.
|
| 852 |
4 |
|
|a Ayesha Abed Library
|j General Shelf.
|
| 999 |
|
|
|c 2251
|d 2251
|
| 952 |
|
|
|0 0
|1 0
|2 ddc
|4 0
|6 801_950904000000000_SEL_1997
|7 0
|9 2075
|a BRACUL
|b BRACUL
|c GEN
|d 2009-07-11
|l 6
|m 46
|o 801.950904 SEL
|p 3010014229
|r 2025-01-16
|s 2024-11-14
|t 1
|w 2009-07-11
|y BK
|